Villes de Nouvelle Aquitaine > 5000 habitants - Mort Subite - Statistiques

Statistiques générales
  • Ce quiz a été pris 115 fois
  • Le résultat moyen est 13 sur 30
Answers on the Grid
Answers color-coded by a green-red scale on the quiz's grid according to % correct below.
Bordeaux
Lons
Angoulême
Pau
Bergerac
Perigueux
Marmande
Agen
La Rochelle
Poitiers
Niort
Limoges
Guéret
Mont-de-Marsan
Tulle
Brive-la-Gaillarde
Biscarrosse
Capbreton
Jurançon
Billère
Nérac
Panazol
Marcheprime
Talence
Urrugne
Idron
Bressuire
Gan
Biarritz
Floirac
Aubusson
Xaintray
Quinsac
Sauveterre-de-Guyenne
Bourganeuf
Dun-le-Palestel
Chasseneuil-du-Poitou
Cerizay
Juillé
Fumel
Casteljaloux
Neuvic
Saint-Cassien
Peyrehorade
Pons
Fouras
Jonzac
Confolens
 
Statistiques - réponses
Réponse % Correct
Poitiers
77%
Agen
72%
Angoulême
69%
Pau
69%
Bordeaux
67%
Brive-la-Gaillarde
67%
La Rochelle
67%
Niort
67%
Mont-de-Marsan
66%
Perigueux
66%
Bergerac
62%
Limoges
62%
Biarritz
61%
Guéret
59%
Tulle
57%
Talence
56%
Marmande
44%
Biscarrosse
43%
Floirac
33%
Bressuire
31%
Urrugne
25%
Capbreton
23%
Panazol
21%
Nérac
20%
Billère
18%
Lons
15%
Jurançon
11%
Marcheprime
10%
Gan
7%
Idron
2%
Aucun quiz correspondant
Distribution des résultats
% des personnes avec chaque résultat
Percentile par nombre de réponses
Votre historique - résultats
Vous n’avez pas pris ce quiz